Encyclopedia of international development (Record no. 41820)

MARC details
000 -LEADER
fixed length control field 00617nam a2200169 a 4500
008 - FIXED-LENGTH DATA ELEMENTS--GENERAL INFORMATION
fixed length control field 160420s2011 ||||||||||||||||| || u
020 ## - INTERNATIONAL STANDARD BOOK NUMBER
International Standard Book Number 9780415674003
050 ## - LIBRARY OF CONGRESS CALL NUMBER
Classification number HD 82 Enc
100 ## - MAIN ENTRY--PERSONAL NAME
Personal name Forsyth Tim
245 10 - TITLE STATEMENT
Title Encyclopedia of international development
Statement of responsibility, etc. Edited by Tim Forsyth
260 ## - PUBLICATION, DISTRIBUTION, ETC.
Place of publication, distribution, etc. New York
Name of publisher, distributor, etc. Routledge
Date of publication, distribution, etc. 2011
300 ## - PHYSICAL DESCRIPTION
Extent xix, 826 p.
350 ## - PRICE (NR) (BK AM CF MU VM SE) [OBSOLETE]
Price 320.00
650 ## - SUBJECT ADDED ENTRY--TOPICAL TERM
Topical term or geographic name entry element DEVELOPMENT ECONOMICS -- ENCYCLOPEDIAS
650 ## - SUBJECT ADDED ENTRY--TOPICAL TERM
Topical term or geographic name entry element ECONOMIC ASSISTANCE -- ENCYCLOPEDIAS
995 ## - RECOMMENDATION 995 [LOCAL, UNIMARC FRANCE]
-- CBU-MAIN LIBRARY (Kitwe)
-- 320.00
-- 1
-- AVAILABLE
-- Apr 25, 2016
-- Reference Collection
Holdings
Withdrawn status Lost status Source of classification or shelving scheme Damaged status Not for loan Home library Current library Shelving location Date acquired Total Checkouts Full call number Barcode Date last seen Price effective from Koha item type
          CBU-MAIN LIBRARY, KITWE. CBU-MAIN LIBRARY, KITWE.   11/30/2022   HD 82 Enc 746185 11/30/2022 11/30/2022 MONOGRAPH